000 00327nam a22001337a 4500
008 250318b |||||||| |||| 00| 0 eng d
020 _a9732120405
050 _aHD1410.6
_b.I57
100 _aNIL
245 _aImpact of Structural Adjustment Programme
260 _aOndo State
_bCBN Niser
_c1992
300 _a190p.
942 _cBK
999 _c2403
_d2403